000
00191nam a22000857a 4500
001
1243018
005
20251016092341.0
245
_a
DEFNEYİ BEKLERKEN
_c
ASLI DER
260
_b
GÜNIŞIĞI YAYINLARI
999
_c
1243018
_d
1243018